<?xml version="1.0" encoding="UTF-8"?>
<collection xmlns="http://www.loc.gov/MARC21/slim">
 <record>
  <leader>01029nam a22002171  4500</leader>
  <controlfield tag="001">1/16352</controlfield>
  <controlfield tag="008">991021s1986    gr                  gre d</controlfield>
  <datafield tag="035" ind1=" " ind2=" ">
   <subfield code="l">16861</subfield>
  </datafield>
  <datafield tag="040" ind1=" " ind2=" ">
   <subfield code="a">GR-PeUP</subfield>
  </datafield>
  <datafield tag="082" ind1="0" ind2="0">
   <subfield code="a">387.2 ΣΤ</subfield>
  </datafield>
  <datafield tag="100" ind1="1" ind2=" ">
   <subfield code="a">Σταλίκας, Π.</subfield>
  </datafield>
  <datafield tag="245" ind1="1" ind2="0">
   <subfield code="a">Επαγγελματικά σκάφη αναψυχής συμπλήρωμα κλαδικής έκθεσης 1986 /</subfield>
   <subfield code="c">Π. Σταλίκας</subfield>
  </datafield>
  <datafield tag="260" ind1=" " ind2=" ">
   <subfield code="a">Αθήνα ;</subfield>
   <subfield code="b">IOBE ,</subfield>
   <subfield code="c">1990</subfield>
  </datafield>
  <datafield tag="300" ind1=" " ind2=" ">
   <subfield code="a">67 σ. ;</subfield>
   <subfield code="b">πίν. ;</subfield>
   <subfield code="c">30 εκ.</subfield>
  </datafield>
  <datafield tag="490" ind1="1" ind2=" ">
   <subfield code="a">Ομάδα έρευνας: οικιακός εξοπλισμός ;</subfield>
  </datafield>
  <datafield tag="650" ind1=" " ind2="4">
   <subfield code="a">Σκάφη αναψυχής.</subfield>
  </datafield>
  <datafield tag="650" ind1=" " ind2="4">
   <subfield code="a">Θαλάσσιος τουρισμός</subfield>
   <subfield code="x">Μαρίνες.</subfield>
  </datafield>
  <datafield tag="650" ind1=" " ind2="4">
   <subfield code="a">Ναυπηγική.</subfield>
  </datafield>
  <datafield tag="710" ind1="2" ind2=" ">
   <subfield code="a">Ινστιτούτο Οικονομικών και Βιομηχανικών Ερευνών.</subfield>
  </datafield>
  <datafield tag="830" ind1=" " ind2="0">
   <subfield code="a">Ομάδα έρευνας: οικιακός εξοπλισμός ;</subfield>
   <subfield code="v">79.</subfield>
  </datafield>
  <datafield tag="852" ind1=" " ind2=" ">
   <subfield code="a">INST</subfield>
   <subfield code="b">UNIPILB</subfield>
   <subfield code="c">MAIN</subfield>
   <subfield code="e">20040709</subfield>
   <subfield code="h">387.2 ΣΤ</subfield>
   <subfield code="p">00122926</subfield>
   <subfield code="q">00122926</subfield>
   <subfield code="t">LOAN</subfield>
   <subfield code="y">0</subfield>
   <subfield code="4">1</subfield>
  </datafield>
 </record>
</collection>
